| 000 | 00472nam a2200181Ia 4500 | ||
|---|---|---|---|
| 005 | 20250326125957.0 | ||
| 008 | 250326s9999 xx 000 0 und d | ||
| 037 | _aTextbook | ||
| 040 |
_aFMSL _beng _cFMSL |
||
| 041 |
_aeng _2eng |
||
| 084 |
_aX:51 N4 _qFMSL |
||
| 100 |
_aKravse L B _9739965 |
||
| 245 | 0 |
_aCommon market _cKravse L B |
|
| 260 |
_aE _bE, Cliffs Prentice-Hall _c1964 |
||
| 300 | _a182p | ||
| 942 |
_cTB _hX:51 N4 |
||
| 999 |
_c1280413 _d1280413 |
||